000
00283nam a2200121Ia 4500
008
230303s9999 xx 000 0 und d
041
_a
eng
082
_a
004 WAR
100
_a
WARFORD (J. Stanley)
245
_a
Computer Systems
260
_a
Boston
_b
Jones & Barnett
365
_c
RS
999
_c
180762
_d
180762